Religions au Royaume-Uni - Statistiques

Statistiques générales
  • Ce quiz a été pris 86 fois
  • Le résultat moyen est 3 sur 5
Statistiques - réponses
% Religions % Correct
6,1 Islam
97%
59,1 Christianisme
91%
31,2 Athéisme
62%
1,6 Hindouisme
59%
0,9 Sikhisme
25%
Aucun quiz correspondant
Distribution des résultats
% des personnes avec chaque résultat
Percentile par nombre de réponses
Votre historique - résultats
Vous n’avez pas pris ce quiz